Catálogo
 En Linea

El individuo, la muerte y el amor en la antigua Grecia. / (Registro nro. 36013)

Detalles MARC
000 -CABECERA
campo de control de longitud fija 00720nam a2200205 a 4500
001 - NÚMERO DE CONTROL
campo de control 000036522
005 - FECHA Y HORA DE LA ÚLTIMA TRANSACCIÓN
campo de control 20200930075758.0
008 - DATOS DE LONGITUD FIJA--INFORMACIÓN GENERAL
campo de control de longitud fija 120119s2001 ag 000 0 spa d
020 ## - NÚMERO INTERNACIONAL ESTÁNDAR DEL LIBRO
Número Internacional Estándar del Libro 8449311470
040 ## - FUENTE DE LA CATALOGACIÓN
Centro catalogador/agencia de origen DO-SdBNP
Lengua de catalogación spa
Centro/agencia transcriptor BNPHU
082 ## - NÚMERO DE LA CLASIFICACIÓN DECIMAL DEWEY
Número de clasificación xxxx
Número de documento/Ítem V529i
100 1# - ENTRADA PRINCIPAL--NOMBRE DE PERSONA
Nombre de persona Vernant, Jean-Pierre
9 (RLIN) 62771
240 10 - TÍTULO UNIFORME
Título uniforme L´individu, la mort, l´amour
Lenguaje de la obra Español
245 13 - MENCIÓN DE TÍTULO
Título El individuo, la muerte y el amor en la antigua Grecia. /
Mención de responsabilidad, etc. Jean-Pierre Vernant ; traducción de Javier Palacio.
260 ## - PUBLICACIÓN, DISTRIBUCIÓN, ETC.
Lugar de publicación, distribución, etc. Buenos Aires :
Nombre del editor, distribuidor, etc. Paidós,
Fecha de publicación, distribución, etc. 2001.
300 ## - DESCRIPCIÓN FÍSICA
Extensión 223 p. ;
Dimensiones 24 cm.
500 ## - NOTA GENERAL
Nota general Traducido del francés
500 ## - NOTA GENERAL
Nota general Incluye referencias bibliográfica y notas al pie de la páginas
700 1# - PUNTO DE ACCESO ADICIONAL--NOMBRE DE PERSONA
Nombre de persona Palacio, Javier
9 (RLIN) 46339
Existencias
Estado de retiro Estado de pérdida Restricciones de uso No para préstamo Código de colección Localización permanente Ubicación/localización actual Ubicación en estantería Fecha de adquisición Número de inventario Total de préstamos Signatura topográfica completa Código de barras Fecha visto por última vez Precio válido a partir de Tipo de ítem Koha
      Excluido de préstamo Monografías: Libros y Folletos General General En catalogación 19.01.2012 LF1   xxxx V529i 36523-10 25.06.2020 25.06.2020 No se presta

Con tecnología Koha